|
|
|
|
| LEADER |
01036naa a2200361 a 4500 |
| 001 |
000052002 |
| 003 |
SVKKK |
| 005 |
20050404141547.0 |
| 008 |
c2002 xo e eng |
| FMT |
|
|
|
| 015 |
|
|
|a SNBRA2005/04-ccccc
|
| 038 |
|
|
|a SVKKK
|
| 040 |
|
|
|a SVKKK
|b slo
|e AACR2
|
| 041 |
0 |
|
|a eng
|b eng
|
| 044 |
|
|
|a xo
|c SK
|
| 080 |
|
|
|a 549.324.31
|2 1997
|
| 080 |
|
|
|a 669.778:549.324.31
|2 1997
|
| 100 |
1 |
|
|a Palacios, Jose
|4 aut
|
| 242 |
1 |
0 |
|a Správanie arzénu pri pražení striebronosných pyritov
|
| 245 |
1 |
0 |
|a Arsenic behaviour on the silver pyrites roasting
|c Jose Palacios, Mario Sanchez, Henry Polanco
|
| 300 |
|
|
|b Obr., tab.
|
| 504 |
|
|
|a Bibliogr. odkazy
|
| 504 |
|
|
|a Res. angl.
|
| 650 |
0 |
4 |
|a arzén
|x praženie pyritov
|
| 700 |
1 |
|
|a Polanco, Henry
|4 aut
|
| 700 |
1 |
|
|a Sanchez, Mario
|4 aut
|
| 773 |
0 |
|
|t Metallurgy, refractories and environment
|d Košice : Technická univerzita, 2002
|z 80-7099-821-0
|g S. 269-274
|
| 958 |
|
|
|a NB
|
| 992 |
|
|
|a RZB
|
| BAS |
|
|
|
| 852 |
|
|
|a SVKKK
|b BIB
|
| EXP |
|
|
|
| 998 |
|
|
|a HUT
|